Disciplined entrepreneurship : (Record no. 19430)
[ view plain ]
| 000 -LEADER | |
|---|---|
| fixed length control field | 01143cam a22003135a 4500 |
| 001 - CONTROL NUMBER | |
| control field | 17698880 |
| 005 - DATE AND TIME OF LATEST TRANSACTION | |
| control field | 20201128021257.0 |
| 008 - FIXED-LENGTH DATA ELEMENTS--GENERAL INFORMATION | |
| fixed length control field | 130415t2013 njua frbd 001 0 eng d |
| 020 ## - INTERNATIONAL STANDARD BOOK NUMBER | |
| International Standard Book Number | 9781118692288 (cloth) |
| 020 ## - INTERNATIONAL STANDARD BOOK NUMBER | |
| Cancelled/invalid ISBN | 9781118720813 (ebk) |
| 020 ## - INTERNATIONAL STANDARD BOOK NUMBER | |
| Cancelled/invalid ISBN | 9781118720882 (ebk) |
| 040 ## - CATALOGING SOURCE | |
| Original cataloging agency | DLC |
| Language of cataloging | eng |
| Transcribing agency | DLC |
| Modifying agency | DLC |
| -- | EG-ScBUE |
| 082 04 - DEWEY DECIMAL CLASSIFICATION NUMBER | |
| Classification number | 658.11 |
| Item number | AUL |
| Edition number | 22 |
| 100 1# - MAIN ENTRY--PERSONAL NAME | |
| Personal name | Aulet, Bill, |
| Dates associated with a name | 1958- |
| 9 (RLIN) | 38079 |
| 245 10 - TITLE STATEMENT | |
| Title | Disciplined entrepreneurship : |
| Remainder of title | 24 steps to a successful startup / |
| Statement of responsibility, etc | Bill Aulet ; illustrated by Marius Ursache. |
| 246 3# - VARYING FORM OF TITLE | |
| Title proper/short title | Disciplined entrepreneurship : |
| Remainder of title | twenty-four steps to a successful startup |
| 260 ## - PUBLICATION, DISTRIBUTION, ETC. (IMPRINT) | |
| Place of publication, distribution, etc | Hoboken : |
| Name of publisher, distributor, etc | John Wiley & Sons, Inc., |
| Date of publication, distribution, etc | c.2013. |
| 300 ## - PHYSICAL DESCRIPTION | |
| Extent | xvi, 272 p. : |
| Other physical details | ill. (col.) ; |
| Dimensions | 20 cm. |
| 500 ## - GENERAL NOTE | |
| General note | Index : p. 267-272. |
| 500 ## - GENERAL NOTE | |
| General note | Glossary : p. 263-264. |
| 504 ## - BIBLIOGRAPHY, ETC. NOTE | |
| Bibliography, etc | Includes bibliographical references. |
| 650 #7 - SUBJECT ADDED ENTRY--TOPICAL TERM | |
| Topical term or geographic name as entry element | New business enterprises |
| General subdivision | Management. |
| Source of heading or term | BUEsh |
| 9 (RLIN) | 33316 |
| 650 #7 - SUBJECT ADDED ENTRY--TOPICAL TERM | |
| Topical term or geographic name as entry element | Entrepreneurship. |
| Source of heading or term | BUEsh |
| 9 (RLIN) | 240 |
| 651 ## - SUBJECT ADDED ENTRY--GEOGRAPHIC NAME | |
| Source of heading or term | BUEsh |
| 653 ## - INDEX TERM--UNCONTROLLED | |
| Resource For college | BAEPS, Business Administration |
| Arrived date list | May2015 |
| -- | August2015 |
| 655 ## - INDEX TERM--GENRE/FORM | |
| Form subdivision | |
| -- | 34232 |
| 700 1# - ADDED ENTRY--PERSONAL NAME | |
| Personal name | Ursache, Marius, |
| Relator term | illustrator. |
| 942 ## - ADDED ENTRY ELEMENTS (KOHA) | |
| Source of classification or shelving scheme | Dewey Decimal Classification |
| Call number prefix | 658.11 AUL |
| Withdrawn status | Lost status | Source of classification or shelving scheme | Damaged status | Not for loan | Koha collection | Home library | Current library | Shelving location | Date acquired | Source of acquisition | Cost, normal purchase price | Serial Enumeration / chronology | Total Checkouts | Total Renewals | Full call number | Barcode | Date last seen | Date last borrowed | Cost, replacement price | Koha item type |
|---|---|---|---|---|---|---|---|---|---|---|---|---|---|---|---|---|---|---|---|---|
| Dewey Decimal Classification | Baccah | Central Library | Central Library | First floor | 25/05/2015 | 165.00 | 22353 | 1 | 12 | 658.11 AUL | 000038293 | 15/07/2025 | 21/10/2019 | 206.00 | Book - Borrowing | |||||
| Dewey Decimal Classification | Baccah | Central Library | Central Library | First floor | 03/08/2015 | 620.00 | 21758 | 1 | 2 | 658.11 AUL | 000038990 | 15/07/2025 | 03/02/2016 | 775.00 | Book - Borrowing |